000 00338nam a22001457a 4500
008 210507b ||||| |||| 00| 0 eng d
020 _a9780314026736
041 _aeng
080 _25th
_a34
082 _a34
100 _a16
101 _aJUR
245 _aJuvenile Delinquency Theory,Practice and Law
_cSiegel,L.J
942 _2udc
_cBK
999 _c57120
_d57120